• 首页
  • 本馆介绍
  • 公告通知
  • 最新文献
  • 馆藏检索
  • 电子资源
  • 读者导购
  • 参考咨询
  • 我的图书馆
  • 登录
  • 详细信息显示
  • 放入我的书架
  • 预约/预借图书
  • 作者相关作品
  • 分类相关作品
  • 丛书相关作品
  • 出版社相关作品

书目信息

  • 表格格式
  • 工作单格式
  • 卡片格式
题名:
品读李白
    
 
作者: 安旗 , 阎琦 著
分册:  
出版信息: 北京   中华书局  2020.7
页数: 10,369页
开本: 21cm
丛书名:
单 册:
中图分类: K825.6 , I207.227.422
科图分类:
主题词:
电子资源:
ISBN: 978-7-101-14585-4
000 01025nam0 2200265 450
001 2131041226
005 20211029202829.0
010    @a978-7-101-14585-4@dCNY36.00
100    @a20200922d2020 em y0chiy0120 ea
101 0  @achi
102    @aCN@b110000
105    @ay z 000yd
106    @ar
200 1  @a品读李白@Apin du li bai@f安旗,阎琦著
210    @a北京@c中华书局@d2020.7
215    @a10,369页@d21cm
330    @a本书分为上下两编,上编由八篇内容彼此相关的一组论文组成,围绕李白的家世和出生地、其先是否为少数部族、生平和诗歌创作、游历和资金来源、家族是否为富商大贾,以及批判现实的个人抒情诗、挥斥人生幽愤的游仙诗、高饮大醉的酒仙诗、长袖善舞的乐府民歌等方面展开了论说。下编解读了李白近200首诗歌。
600  0 @a李白@Ali bai@f(701-762)@x人物研究
600  0 @a李白@Ali bai@f(701-762)@x唐诗@x诗歌研究
690    @aK825.6@v5
690    @aI207.227.422@v5
701  0 @a安旗@Aan qi@f(1925-2019)@4著
701  0 @a阎琦@Ayan qi@f(1943-)@4著
801  0 @aCN@b百万庄@c20211029
905    @b1312987-990@dK825.6@e1496@f4
    
    品读李白/安旗,阎琦著.-北京:中华书局,2020.7
    10,369页;21cm
    
    
    ISBN 978-7-101-14585-4:CNY36.00
    本书分为上下两编,上编由八篇内容彼此相关的一组论文组成,围绕李白的家世和出生地、其先是否为少数部族、生平和诗歌创作、游历和资金来源、家族是否为富商大贾,以及批判现实的个人抒情诗、挥斥人生幽愤的游仙诗、高饮大醉的酒仙诗、长袖善舞的乐府民歌等方面展开了论说。下编解读了李白近200首诗歌。
●
相关链接 在E读中查询图书 在五车中查询图书 在当当中查询图书 在豆瓣中查询图书


正题名:品读李白     索取号:K825.6/1496         预约/预借

序号 登录号 条形码 馆藏地/架位号 状态 备注
1 1312987   213129871   第二样本阅览室/ [索取号:K825.6/1496] 在馆    
2 1312988   213129880   第二借阅区/ [索取号:K825.6/1496] 在馆    
3 1312989   213129899   第二借阅区/ [索取号:K825.6/1496] 在馆    
4 1312990   213129906   第二借阅区/ [索取号:K825.6/1496] 在馆    
唐山师范学院图书馆 欢迎您!
大连网信软件有限公司© 版权所有